Miłujmy czynem i prawdą : (Rekord nr 26661)
| 000 -Nagłówek | |
|---|---|
| fixed length control field | 01675cam a2200325 i 4500 |
| 001 - Nr kontrolny bibl., która utworzyła rek. | |
| control field | xx003152383 |
| 003 - Siglum bibl., której nr kontr. jest w 001 | |
| control field | NUKAT |
| 005 - Data i czas ostatniej operacji | |
| control field | 20260218102454.0 |
| 008 - Elementy pola stałej długości | |
| fixed length control field | 140730s2006 pl a |010 0dpol c |
| 020 ## - ISBN | |
| ISBN | 8387078972 |
| dopowiedzenie | (oprawa twarda) |
| 035 ## - Systemowy numer kontrolny | |
| systemowy numer kontrolny | (OCoLC)890395956 |
| 035 ## - Systemowy numer kontrolny | |
| systemowy numer kontrolny | (NUKAT)xx003152383 |
| 040 ## - Instytucja sporządzająca opis | |
| Instytucja, która sporządziła opis | WR O/JG |
| język katalgowania-trzyzn. kod | pol |
| zasady opisu | rda |
| Instytucja, która sporządziła rekord | WR O/JG |
| Instytucja, która zmodyfikowała rekord | WR O/LC |
| -- | WR O/JGs |
| -- | OLSZT 008/bak |
| 100 1# - Hasło główne-nazwa osobowa | |
| Nazwa osobowa | Górny, Jan Jerzy |
| Daty biograficzne | (1943- ). |
| rodzaj współpracy | Autor |
| 9 (RLIN) | 18966 |
| 245 10 - Tytuł właściwy i oznaczenie odpow. | |
| tytuł | Miłujmy czynem i prawdą : |
| dodatek do tytułu | z okazji jubileuszu 50-lecia kapłaństwa Jego Ekscelencji ks. dr Edmunda Piszcza, Arcybiskupa Metropolity Warmińskiego / |
| dod. inf. ze s. tyt./ozn. odpow. | Jan-Jerzy Górny ; opracowanie graficzne Rafał Stanisławski ; serwis fotograficzny Wojciech Sękowski [i 3 pozostałych]. |
| 260 ## - Adres wydawniczy | |
| miejsce wydania, dystrybucji itp. | Olsztyn : |
| nazwa wydawcy, dystrybutora itp. | Wydział Duszpasterski Kurii Metropolitalnej Archidiecerzji Warmińskiej, |
| data wydania, dystrybucji itp. | 2006. |
| 300 ## - Opis fizyczny | |
| objętość i/lub forma materiału | 160 stron : |
| inne szczegóły opisu fizycznego | ilustracje ; |
| format | 34 cm. |
| 336 ## - Content Type | |
| Term | Tekst |
| Code | txt |
| Source | rdacontent |
| 337 ## - Media Type | |
| Term | Bez urządzenia pośredniczącego |
| Code | n |
| Source | rdamedia |
| 338 ## - Carrier Type | |
| Term | Wolumin |
| Code | nc |
| Source | rdacarrier |
| 500 ## - Uwaga ogólna | |
| uwaga ogólna | Informacja o autorach zdjęć na stronie redakcyjnej. |
| 500 ## - Uwaga ogólna | |
| uwaga ogólna | Na stronie redakcyjnej błędna nazwa wydawcy: Wydział Duszpasterski Kurii Metropolitarnej. |
| 504 ## - Uwaga o bibliografii | |
| uwaga o bibliografii | Bibliografia na stronach 157-159. |
| 600 17 - Hasło przedmiotowe-nazwa osobowa | |
| nazwa osobowa | Piszcz, Edmund |
| daty biograficzne | (1929-2022) |
| określnik formy | wydawnictwa ilustrowane. |
| źródło hasła | kaba |
| 9 (RLIN) | 36774 |
| 700 1# - Hasło dodatkowe - nazwa osobowa | |
| nazwa osobowa | Stanisławski, Rafał |
| tytuł i in. dopow. dot. nazwy | (ilustrator). |
| rodzaj współpracy | Ilustracje |
| 9 (RLIN) | 36772 |
| 700 1# - Hasło dodatkowe - nazwa osobowa | |
| nazwa osobowa | Sękowski, Wojciech. |
| rodzaj współpracy | Fotografie |
| 9 (RLIN) | 36773 |
| 710 2# - Hasło dodatkowe - nazwa ciała zbior. | |
| nazwa ciała zbior. lub nazwa geogr. | Ecclesia Catholica. |
| nazwa jednostki podrzędnej | Kuria Metropolitalna Archidiecezji Warmińskiej (Olsztyn). |
| -- | Wydział Duszpasterski. |
| rodzaj współpracy | Wydawca |
| kod rodzaju współpracy | pbl |
| 9 (RLIN) | 23063 |
| 920 ## - ISBN | |
| ISBN | 83-87078-97-2 (oprawa twarda) |
| 942 ## - ADDED ENTRY ELEMENTS (KOHA) | |
| Source of classification or shelving scheme | Dewey Decimal Classification |
| Koha item type | pozycje dostępne na miejscu |
| Status wycofania | Status zagubienia | Klasyfikacja | Status uszkodzenia | Blokada wypożyczeń | Kolekcja | Lokalizacja macierzysta | Lokalizacja bieżąca | Data nabycia | Numer akcesji | Źródło akcesji | Cena | Nr inwentarzowy | il. wypożyczeń | Sygnatura | Kod kreskowy | Date last seen | Price effective from | Typ egz. |
|---|---|---|---|---|---|---|---|---|---|---|---|---|---|---|---|---|---|---|
| Dewey Decimal Classification | nieuszkodzona | książka w magazynie | Biblioteka Instytutu Północnego w Olsztynie | Biblioteka Instytutu Północnego w Olsztynie | 09/02/2026 | D-8/2026 | dar | 16.00 | 73751 | 73751 | IPWK21298 | 18/02/2026 | 18/02/2026 | pozycje dostępne na miejscu |